00634nam a22001937a 4500020001800000082001600018100002000034245004500054250001200099260005000111300001600161650001800177650002200195700002900217700002300246942000700269999001700276952014700293 a9788120343221 a629.892 SIE aRoland Siegwart aIntroduction to autonomous mobile robots a2nd ed. aNew DelhibPHI Learning Private Limitedc2011 a453p.bill. aMobile robots aAutonomous robots aNourbakhsh, Illah Reza,  aScaramuzza, Davide cBK c13473d13473 001040708NFICaCLbCLcGENd2016-03-17eAllied Book Companyg673.20l6m1o629.892 SIEpSEECS013377r2026-02-17s2024-09-26w2016-03-17yBK